Con người, môi trường và văn hóa

Qua cuốn sách, người đọc sẽ hình dung về người Việt trong mối quan hệ với mối trường tự nhiên, môi trường xã hội và với chính mình. Người Việt với những kiểu dạng người cụ thể: người nông dân, người thành thị, nhà nho, người b...

Полное описание

Сохранить в:
Библиографические подробности
Главный автор: Nguyễn, Xuân Kính
Формат:
Язык:Undetermined
Опубликовано: Hà Nội Khoa học - Xã hội 2014
Предметы:
Метки: Добавить метку
Нет меток, Требуется 1-ая метка записи!
Thư viện lưu trữ: Trung tâm Học liệu Trường Đại học Cần Thơ
LEADER 01298nam a2200205Ia 4500
001 CTU_209758
008 210402s9999 xx 000 0 und d
082 |a 398.09597 
082 |b K312 
100 |a Nguyễn, Xuân Kính 
245 0 |a Con người, môi trường và văn hóa 
245 0 |c Nguyễn Xuân Kính 
260 |a Hà Nội 
260 |b Khoa học - Xã hội 
260 |c 2014 
520 |a Qua cuốn sách, người đọc sẽ hình dung về người Việt trong mối quan hệ với mối trường tự nhiên, môi trường xã hội và với chính mình. Người Việt với những kiểu dạng người cụ thể: người nông dân, người thành thị, nhà nho, người buôn bán,... với các khía cạnh ẩm thực, trang phục, đi lại và làm lụng, với một số biểu hiện của văn hóa xã hội và văn hóa tinh thần được đặt trong những thời kì, giai đoạn lịch sử cụ thể. 
650 |a Văn hóa dân gian,Folklore 
650 |z Việt Nam,Vietnam 
904 |i Nguyễn Ngọc Quý,Hải 
980 |a Trung tâm Học liệu Trường Đại học Cần Thơ